Flaggen diverser Überseegebiete - Statistiken

Allgemein
  • Dieses Quiz wurde 199 mal gespielt
  • Das Durchschnittsergebnis liegt bei 42 aus 107
Antwortstatistiken
Bildquiz Antwort % Korrekt
Gibraltar
89%
Wales
89%
Schottland
88%
Guam
85%
England
84%
Isle of man
84%
Mayotte
81%
Jersey
80%
Grönland
79%
Amerikanisch Samoa
76%
Bermuda
76%
Nordirland
76%
Britische Jungferninseln
75%
Puerto Rico
75%
Anguilla
74%
Aruba
74%
Guernsey
74%
Falklandinseln
73%
Neukaledonien
73%
Cookinseln
71%
Curaçao
71%
Aland
70%
Amerikanische Jungferninseln
70%
Französisch Polynesien
69%
Guadeloupe
66%
Niue
65%
Weihnachtsinsel
65%
Nördliche Marianen
64%
St. Helena
63%
Montserrat
61%
Färöer Inseln
60%
Norfolkinsel
60%
Pitcairninseln
58%
Tokelau
58%
Johnston Atoll
56%
Kaiman Inseln
56%
Kokosinseln
56%
Wake Island
56%
Wallis und Futuna
56%
Bonaire
54%
Saint Martin
54%
Sizilien
54%
St. Pierre und Miquelon
54%
Turks- und Caicosinseln
53%
Martinique
51%
Nordzypern
51%
Osterinsel
49%
Sardinien
49%
Britisches Territorium im Indischen Ozean
48%
Clipperton
48%
Saba
46%
Madeira
41%
Tristan da Cunha
41%
Die Azoren
40%
La Reunion
40%
St. Barthelemy
40%
Französische Süd- und Antarktisgebiete
39%
Ascension
36%
Französisch Guayana
36%
Spitzbergen
36%
Spitzbergen
36%
Spitzbergen
36%
Südgeorgien und die Südlichen Sandwichinseln
36%
Sansibar
34%
Sint Martin
34%
Kativik
30%
Kanarische Inseln
25%
Berg Karabach
20%
Britisches Antarktis Territorium
20%
Sark
20%
Galápagos-Inseln
16%
Jan Mayen
15%
Kingman Reef
15%
Baker Island
11%
Jarvis Island
10%
Bougainville-Insel
9%
Howland Island
9%
Palmyra Atoll
9%
Heard- und McDonald-Inseln
8%
Sint Eustasius
8%
Australisches Antarktis-Territorium
6%
Hans Island
6%
Navassa Island
6%
Ararat
4%
Baffin Island
4%
Chatham Inseln
4%
Nowaja Semlja
4%
Ross Dependency
4%
South Shetland Island
4%
Victoria Island
4%
Akrotiri und Dhekelia
3%
Andamanen und Nikobaren
3%
Hala’ib-Dreieck
3%
Jeju Inseln
3%
Labuan Insel
3%
Antarktisches Territorium von Argentinien
1%
Campbell Inseln
1%
Fernando de Noronha
1%
Kurilen Inseln
1%
Lakshadweep-Inseln
1%
Plazas de soberanía
1%
South Orkney Island
1%
Spratley Inseln
1%
Sumbawa
1%
Isla de Lobos
0%
Islas del Maiz
0%
Niu Ailan
0%
Keine übereinstimmenden Quizze gefunden
Verteilung der Resultate
Anzahl Personen mit jedem Resultat
Perzentil nach korrekt beantworteten Fragen
Ihre Resultats-Entwicklung
Sie haben dieses Quiz noch nicht gespielt